00762nam a2200241 a 4500001001300000003000900013005001700022008004100039020002200080082002000102100002600122245007700148260002500225300000900250500003500259505002900294650002200323700002600345902000800371942000700379952011900386999001500505nice12345678IN_TiNIC20260116012311.0050524s1993 dela grp 000 0 eng  a8172148 c3000a291.178321bPRE aPresler, Henry Hughes aSearch for Credible Religious Healing Among Muslims, Hindus, Christians. aDelhi bISPCK c1993 a156p aincludes index and biblioraphy2 aAppendices, Bibliography aHealing-Religious1 aPresler, Henry Hughes bSRS cBK 001040708StackRoom-aHMIbHMId2009-07-20g30.00l0o291.178321 PREp014769r2009-07-20v30.00w2005-05-24yBK c6453d6453